Statistics for 35 Híres magyarok

Click here to take the quiz!

General Stats

  • This quiz has been taken 350 times
  • The average score is 18 of 35

Answer Stats

CélzásVálasz% Correct
Nemzeti költő, az 1848-as forradalom egyik kulcsfigurája.Petőfi Sándor
93%
A világ egyik legsokoldalúbb úszója, „Iron Lady” beceneve.Hosszú Katinka
90%
Labdarúgó, széles körben minden idők egyik legnagyobb játékosaként tartják számon.Puskás Ferenc
90%
Költő, aki több mint 102 balladát, valamint az epikus Toldi-trilógiát írt.Arany János
87%
Politikus, 1998 és 2002 között, majd 2010 óta miniszterelnök volt.Orbán Viktor
85%
Egy kocka megalkotója, amely minden idők legkelendőbb játékává vált.Rubik Ernő
85%
Költő, aki 1823-ban írta a Magyarország himnuszát.Kölcsey Ferenc
84%
Magyarország első királya 1000-től vagy 1001-től, 1038-ban bekövetkezett haláláig.Szent István
80%
Államférfiak, Magyarországon belül sokan még mindig a "Legnagyobb Magyar" néven ismerték.Széchenyi István
73%
A biokémikus nevéhez fűződik a C-vitamin első izolálása, aki 1937-ben elnyerte az élettani és orvosi Nobel-díjat.Szent-Györgyi Albert
73%
Kommunista vezető, 1956-tól 1988-as nyugdíjazásáig az ország elnöke.Kádár János
70%
A romantika korának zeneszerzője és virtuóz zongoristája.Liszt Ferenc
64%
Modell és színésznő, aki 2019-ben a Victoria's Secret Angyala lett.Palvin Barbara
61%
Az 1956-os magyar forradalom vezére a szovjet kormány ellen, amiért halálra ítélték és két évvel később kivégezték.Nagy Imre
60%
Sokan a 20. század legnagyobb magyar költőjeként tartják számon.Ady Endre
59%
Atomfizikus, aki részt vett az első atombomba előállításában.Teller Edward
58%
Egykori világcsúcstartó női úszó, a modern kor egyik legnagyobb magyar olimpiai bajnokaEgerszegi Krisztina
56%
A Magyar Királyság kormányzó-elnöke az 1848–49-es forradalom idejénKossuth Lajos
55%
Magyarország nemzeti hőse, aki a 18. századi Habsburgok elleni magyar felkelés vezére volt.Rákóczi Ferenc
50%
Admirális és államférfi, aki a Magyar Királyság régenseként szolgált a két világháború között.Horthy Miklós
44%
A 20. század egyik legjelentősebb zeneszerzőjeként tartják számon.Bartok Béla
43%
Közép- és Délkelet-Európa vezető magyar katonai és politikai személyisége a 15. században.Hunyadi János
40%
Általában minden idők legerősebb női sakkozójának tartják.Polgár Judit
40%
Szerző, a holokauszt koncentrációs tábor túlélője és 2002-es irodalmi Nobel-díjas.Kertész Imre
36%
Az év európai labdarúgója 1967-ben, „A császár” beceneve.Albert Flórián
32%
Egy grófnő, akit a történelem legtermékenyebb női sorozatgyilkosának tituláltak.Báthori Erzsébet
24%
Staller Ilona egykori pornósztár, politikus és énekesnő művészneve.Cicciolina
23%
Magyar származású amerikai színésznő, aki 1952-ben játszotta John Huston Moulin Rouge című filmjében.Gabor Zsa Zsa
23%
Kosárlabdázó és az egyetlen magyar, aki az NBA-ben játszott.Dávid Kornél
22%
Fizikus és feltaláló, az atomenergia fejlesztésének vezető alakja.Szilárd Leó
21%
Labdarúgó, a Magyar Aranycsapat tagja az 1950-es években.Kocsis Sándor
18%
A történelem egyik legnagyobb vegyes úszója, aki két olimpián négy aranyérmet nyert.Darnyi Tamás
14%
Popénekes, akinek szövegei néha erősen kritizálták az ország 1990 előtti politikai rendszerét.Koncz Zsuzsa
5%
A „20. századi magyar irodalom vezéralakjának” nevezett író.Esterházy Péter
2%
Színész és cirkuszi előadó, akit leginkább az NBC ALF című sitcomban játszott szerepe miatt emlékeznek meg.Mészáros Michu
1%

Score Distribution

Percentile by Number Answered

Percent of People with Each Score

Your Score History

You have not taken this quiz